000 01032nam a2200265Ia 4500
003 OSt
005 20221005104333.0
006 a|||||r|||| 00| 0
007 ta
008 221004b |||||||| |||| 00| 0 hin d
020 _a9788190415125 (hbk)
_c450
024 _a19992
037 _b492, 25/03/2015, Swaraj Prakashan
_cTextual
040 _aCRL
_cCRL
_bhin
041 _2hin
_ahin
082 _aO152,1N11:g(S:55), P9
100 _aराजेश्वरी गौतम
245 0 _aअज्ञेय के काव्य में प्रेम और सौन्दर्य
246 _aAjnyeya ke kāvya mean prem aur saundarya
260 _aदिल्ली
_bप्रासंगिक पब्लिशर्स भारत
_c2009
300 _a217पृ0
_ccm.
650 _aहिन्दी साहित्य
942 _hO152,1N11:g(S:55), P9
_cTEXL
_2cc
999 _c1012409
_d1012409